000 00401nam a2200157Ia 4500
008 210716s1996 xx 000 0 und d
020 _a0133824330
041 _aeng
082 _a174.4 DONT
100 _aDonaldson, Thomas; Gini, Al.
245 _aCase studies in business ethics.
250 _a4
260 _aNew Jersey
_bPrentice Hall
_c1996
300 _axiii,336
650 _aBusiness Ethics
999 _c198629
_d198629